Nel primo quinquennio della riforma Gentile : studi e conferenze dei professori

Guardado en:
Detalles Bibliográficos
Formato: Libro
Lenguaje:italiano
Publicado: Lanciano : Masciangelo, 1929
Catálogo:EDISCO:  Resultados de Búsqueda del Catálogo
Clasificación de libros de texto:
Materias:
Etiquetas: Agregar Etiqueta
Sin Etiquetas, Sea el primero en etiquetar este registro!
Añadido a:2016-04-30
Cambiado en:2017-12-05

MARC

LEADER 00000aam a22000005 4500
001 00699
003 OSt
005 20171205091719.0
008 160501s1929 it 000 0 ita
999 |c 689  |d 689 
040 |c Antonio Parlati - L'Acquila 
041 1 |a ita 
245 0 0 |a Nel primo quinquennio della riforma Gentile :   |b studi e conferenze dei professori 
260 |a Lanciano :   |b Masciangelo,   |c 1929 
300 |a 284 p., 1/1 ;   |c in 8° 
546 |a ita 
650 |a Didattica  |9 95 
655 |a Manuale per gli insegnanti  |9 96 
690 |a Educazione degli adulti  |9 33 
901 |a 5 
942 |2 ddc  |c BK 
999 |c edisco:689  |d 689